Kriteriálna funkcia hospodárskej zmluvy ŠPEV 909 153.301 04/2

Enregistré dans:
Détails bibliographiques
Auteur principal: Vojtko, Ján
Format: Livre
Langue:slovaque
Publié: Bratislava Ústav hospodárskeho práva 1986
Édition:1. vyd.
Collection:Výskumná úloha Č. 128
Tags: Ajouter un tag
Pas de tags, Soyez le premier à ajouter un tag!

MARC

LEADER 00000nam a2200000 4500
001 c023466
005 20221219100540.6
041 0 |a slo 
044 |a SK 
245 1 0 |a Kriteriálna funkcia hospodárskej zmluvy  |b ŠPEV 909 153.301 04/2  |c Ján Vojtko 
250 |a 1. vyd. 
264 1 |a Bratislava  |b Ústav hospodárskeho práva  |c 1986 
300 |a 79 s. 
490 1 |a Výskumná úloha  |v Č. 128 
830 0 |a Výskumná úloha  |v Č. 128 
100 1 |a Vojtko, Ján